[Event "American Continental 13th"]
[Site "Medellin"]
[Date "2017.06.17"]
[Round "10"]
[White "Sevian, Samuel"]
[Black "Delgado Ramirez, Neuris"]
[Result "1-0"]
[WhiteElo "2601"]
[BlackElo "2613"]
[PlyCount "89"]
[EventDate "2017.06.10"]
[EventType "swiss"]
[EventRounds "11"]
[EventCountry "COL"]
[SourceTitle "CBM 178 Extra"]
[Source "ChessBase"]
[SourceDate "2017.06.22"]
[SourceVersion "1"]
[SourceVersionDate "2017.06.22"]
[SourceQuality "1"]

1. e4 c5 2. Nf3 d6 3. d4 cxd4 4. Nxd4 Nf6 5. Nc3 a6 6. Be3 e5 7. Nb3 Be6 8. f3
Nbd7 9. g4 b5 10. g5 b4 11. Ne2 Ng8 12. h4 h6 13. Qd2 a5 14. Rg1 hxg5 15. hxg5
Qc7 16. Ng3 Rb8 17. f4 a4 18. f5 Bc4 19. Nc5 Nb6 20. Na6 Bxa6 21. Bxa6 Nc4 22.
Bxc4 Qxc4 23. b3 Qc3 24. Qxc3 bxc3 25. O-O-O axb3 26. axb3 Rh2 27. Rh1 Rg2 28.
Rdg1 Rxg1+ 29. Bxg1 Be7 30. Be3 Ra8 31. Kb1 Kd7 32. Rh8 Rc8 33. Nh5 g6 34. Ng3
gxf5 35. Nxf5 Rf8 36. Kc1 Ke6 37. Kd1 Rd8 38. Ng7+ Kd7 39. Ke2 Rc8 40. Nf5 Ke6
41. Nh6 Nxh6 42. Rxc8 Ng4 43. Bc1 f5 44. g6 Kf6 45. Re8 1-0

[Event "American Continental 13th"]
[Site "Medellin"]
[Date "2017.06.18"]
[Round "11"]
[White "Delgado Ramirez, Neuris"]
[Black "Cuartas, Jaime Alexander"]
[Result "1-0"]
[WhiteElo "2613"]
[BlackElo "2492"]
[PlyCount "81"]
[EventDate "2017.06.10"]
[EventType "swiss"]
[EventRounds "11"]
[EventCountry "COL"]
[SourceTitle "CBM 178 Extra"]
[Source "ChessBase"]
[SourceDate "2017.06.22"]
[SourceVersion "1"]
[SourceVersionDate "2017.06.22"]
[SourceQuality "1"]

1. e4 c5 2. b3 d6 3. Bb2 Nc6 4. f4 Nf6 5. Nc3 g6 6. Bb5 Bd7 7. Bxc6 Bxc6 8. Qe2
Bg7 9. O-O-O O-O 10. Nf3 b5 11. e5 Nh5 12. g3 b4 13. Ne4 a5 14. d4 c4 15. d5 c3
16. Bxc3 bxc3 17. dxc6 a4 18. b4 Qb6 19. b5 Rab8 20. Nxc3 Qc5 21. Rd3 Rfc8 22.
Qe4 dxe5 23. Nxe5 Nf6 24. Qxa4 e6 25. Qc4 Qa3+ 26. Kd2 Qa5 27. Ke2 h5 28. Rb1
h4 29. Qb4 Qb6 30. Nc4 Qc7 31. Qd6 hxg3 32. Qxc7 Rxc7 33. hxg3 Ne8 34. Ne5 Bxe5
35. fxe5 Kf8 36. Rbd1 Ra7 37. Rd8 Rxd8 38. Rxd8 Ke7 39. Rxe8+ Kxe8 40. b6 Ra6
41. b7 1-0

[Event "Belem FEXPA"]
[Site "Belem"]
[Date "2017.07.01"]
[Round "1"]
[White "Delgado Ramirez, Neuris"]
[Black "Leitao, Nicolau Daulibe"]
[Result "1/2-1/2"]
[WhiteElo "2624"]
[BlackElo "2107"]
[PlyCount "76"]
[EventDate "2017.07.01"]
[EventType "tourn"]
[EventRounds "9"]
[EventCountry "BRA"]
[SourceTitle "CBM 179 Extra"]
[Source "ChessBase"]
[SourceDate "2017.08.23"]
[SourceVersion "1"]
[SourceVersionDate "2017.08.23"]
[SourceQuality "1"]

1. e4 c5 2. Nf3 d6 3. d4 cxd4 4. Nxd4 Nf6 5. Nc3 a6 6. Bd3 e5 7. Nde2 Be7 8.
O-O O-O 9. Ng3 b5 10. Bg5 b4 11. Bxf6 Bxf6 12. Nd5 a5 13. Bc4 Nd7 14. a3 Nb6
15. Bb3 a4 16. Nxb6 Qxb6 17. axb4 Ba6 18. Bd5 Bxf1 19. Nxf1 Qxb4 20. Bxa8 Rxa8
21. Qd5 Rc8 22. Ra2 g6 23. c3 Qb6 24. g3 Kg7 25. Ne3 Bg5 26. Nc4 Qa6 27. Nxd6
Rd8 28. Qxf7+ Kh8 29. h4 Bxh4 30. Ne8 Rd1+ 31. Kh2 Bxg3+ 32. Kxg3 Qd3+ 33. f3
Rg1+ 34. Kh2 Qd2+ 35. Kxg1 Qc1+ 36. Kg2 Qd2+ 37. Kg3 Qg5+ 38. Kh2 Qd2+ 1/2-1/2

[Event "Belem FEXPA"]
[Site "Belem"]
[Date "2017.07.02"]
[Round "2"]
[White "Chauca, Jose Luis Murga"]
[Black "Delgado Ramirez, Neuris"]
[Result "0-1"]
[WhiteElo "2050"]
[BlackElo "2624"]
[PlyCount "70"]
[EventDate "2017.07.01"]
[EventType "tourn"]
[EventRounds "9"]
[EventCountry "BRA"]
[SourceTitle "CBM 179 Extra"]
[Source "ChessBase"]
[SourceDate "2017.08.23"]
[SourceVersion "1"]
[SourceVersionDate "2017.08.23"]
[SourceQuality "1"]

1. e4 c5 2. Nf3 d6 3. d4 cxd4 4. Nxd4 Nf6 5. Nc3 a6 6. g3 e5 7. Nde2 Nbd7 8.
Bg2 Be7 9. O-O b5 10. a3 Bb7 11. h3 Nc5 12. f3 h5 13. Be3 Rc8 14. Qd2 Qc7 15.
Rfd1 Ncd7 16. Rac1 Nb6 17. Bxb6 Qxb6+ 18. Kh2 O-O 19. Qe1 a5 20. Rd3 h4 21. g4
b4 22. axb4 axb4 23. Na4 Qb5 24. b3 d5 25. Qxh4 dxe4 26. fxe4 Rxc2 27. Rxc2
Qxd3 28. Rb2 Bxe4 29. Bxe4 Qxe4 30. Qf2 Qh7 31. Kg2 Nd5 32. Qf3 e4 33. Qg3 f5
34. Qe5 Ne3+ 35. Kf2 Qh4+ 0-1

[Event "Belem FEXPA"]
[Site "Belem"]
[Date "2017.07.02"]
[Round "3"]
[White "Delgado Ramirez, Neuris"]
[Black "Rodi, Luis Ernesto"]
[Result "1/2-1/2"]
[WhiteElo "2624"]
[BlackElo "2304"]
[PlyCount "110"]
[EventDate "2017.07.01"]
[EventType "tourn"]
[EventRounds "9"]
[EventCountry "BRA"]
[SourceTitle "CBM 179 Extra"]
[Source "ChessBase"]
[SourceDate "2017.08.23"]
[SourceVersion "1"]
[SourceVersionDate "2017.08.23"]
[SourceQuality "1"]

1. Nf3 d5 2. b3 Bg4 3. Bb2 Bxf3 4. exf3 Nd7 5. f4 Ngf6 6. g3 c6 7. Bg2 e6 8.
O-O Bc5 9. d4 Be7 10. c4 Ne4 11. Bxe4 dxe4 12. Qe2 f5 13. f3 Nf6 14. Nd2 Bb4
15. fxe4 Bxd2 16. exf5 Bb4 17. fxe6 Qe7 18. Kh1 Ba3 19. Bxa3 Qxa3 20. g4 O-O-O
21. Rad1 Qe7 22. g5 Ne8 23. d5 cxd5 24. cxd5 Kb8 25. Rf3 h6 26. Rh3 Nd6 27.
gxh6 Rxh6 28. Rxh6 gxh6 29. Qe5 Rf8 30. Rg1 Ka8 31. Rg7 Qh4 32. Qxd6 Qe1+ 33.
Kg2 Qe2+ 34. Kg3 Qe3+ 35. Kh4 Rxf4+ 36. Qxf4 Qxf4+ 37. Kh5 Qxh2+ 38. Kg6 a6 39.
e7 Qc2+ 40. Kf6 Qc3+ 41. Ke6 Qc8+ 42. Ke5 Qc3+ 43. Kf5 Qf3+ 44. Kg6 Qe4+ 45.
Kxh6 Ka7 46. Rf7 Kb6 47. Rf6+ Kc5 48. Re6 Qh4+ 49. Kg6 Qg4+ 50. Kf6 Qf4+ 51.
Kg7 Qg5+ 52. Kf7 Qh5+ 53. Kf8 Qh8+ 54. Kf7 Qh5+ 55. Kf8 Qh8+ 1/2-1/2

[Event "Belem FEXPA"]
[Site "Belem"]
[Date "2017.07.03"]
[Round "4"]
[White "Delgado Ramirez, Neuris"]
[Black "Veiga, Emerson de Sousa"]
[Result "1-0"]
[WhiteElo "2624"]
[BlackElo "2102"]
[PlyCount "59"]
[EventDate "2017.07.01"]
[EventType "tourn"]
[EventRounds "9"]
[EventCountry "BRA"]
[SourceTitle "CBM 179 Extra"]
[Source "ChessBase"]
[SourceDate "2017.08.23"]
[SourceVersion "1"]
[SourceVersionDate "2017.08.23"]
[SourceQuality "1"]

1. e4 c5 2. Nf3 d6 3. c3 Nf6 4. Be2 Nc6 5. d4 cxd4 6. cxd4 Nxe4 7. d5 Qa5+ 8.
Nc3 Nxc3 9. bxc3 Nd8 10. Qb3 Bd7 11. O-O g6 12. Bg5 Bg7 13. Rae1 f6 14. Bd2 O-O
15. Bd3 Re8 16. h4 Qa4 17. Qb1 f5 18. Bc2 Qa6 19. h5 Nf7 20. hxg6 hxg6 21. Re3
Ne5 22. Rfe1 Nxf3+ 23. Rxf3 Bf6 24. Rh3 Kg7 25. g4 Rh8 26. Rxh8 Rxh8 27. g5 Be5
28. f4 Kf7 29. fxe5 Qc4 30. Qb4 1-0

[Event "Belem FEXPA"]
[Site "Belem"]
[Date "2017.07.03"]
[Round "5"]
[White "De Souza Monteiro, Marcos Paulo"]
[Black "Delgado Ramirez, Neuris"]
[Result "0-1"]
[WhiteElo "1952"]
[BlackElo "2624"]
[PlyCount "50"]
[EventDate "2017.07.01"]
[EventType "tourn"]
[EventRounds "9"]
[EventCountry "BRA"]
[SourceTitle "CBM 179 Extra"]
[Source "ChessBase"]
[SourceDate "2017.08.23"]
[SourceVersion "1"]
[SourceVersionDate "2017.08.23"]
[SourceQuality "1"]

1. d4 Nf6 2. c4 e6 3. Nf3 b6 4. a3 Ba6 5. e3 d5 6. Qa4+ c6 7. cxd5 Bxf1 8. Kxf1
exd5 9. Nc3 Bd6 10. Bd2 O-O 11. Rd1 Qc8 12. Qc2 Qa6+ 13. Kg1 Nbd7 14. Qf5 Rfe8
15. Ng5 Rad8 16. h4 h6 17. g4 hxg5 18. hxg5 g6 19. Qf3 Ne4 20. Qh3 Kf8 21. Qh6+
Ke7 22. Nxe4 dxe4 23. Bc3 Qe2 24. Re1 Qxg4+ 25. Kf1 Rh8 0-1

[Event "Belem FEXPA"]
[Site "Belem"]
[Date "2017.07.04"]
[Round "6"]
[White "Delgado Ramirez, Neuris"]
[Black "Moraes, Nelson da Silva"]
[Result "1-0"]
[WhiteElo "2624"]
[BlackElo "2233"]
[PlyCount "55"]
[EventDate "2017.07.01"]
[EventType "tourn"]
[EventRounds "9"]
[EventCountry "BRA"]
[SourceTitle "CBM 179 Extra"]
[Source "ChessBase"]
[SourceDate "2017.08.23"]
[SourceVersion "1"]
[SourceVersionDate "2017.08.23"]
[SourceQuality "1"]

1. e4 c5 2. Nf3 Nc6 3. Bb5 e6 4. O-O Nge7 5. b3 a6 6. Bxc6 Nxc6 7. Bb2 b5 8. d3
Bb7 9. c4 d6 10. Nfd2 b4 11. f4 e5 12. Nf3 f6 13. f5 Qd7 14. a3 a5 15. axb4
axb4 16. Rxa8+ Bxa8 17. Nbd2 g5 18. Ne1 h5 19. Nc2 g4 20. Ne3 Bh6 21. Re1 Bxe3+
22. Rxe3 Nd8 23. h3 gxh3 24. Rxh3 Qf7 25. Nf3 Qg7 26. Nh4 Qg4 27. Qe1 Rh7 28.
Rg3 1-0

[Event "Belem FEXPA"]
[Site "Belem"]
[Date "2017.07.05"]
[Round "8"]
[White "Delgado Ramirez, Neuris"]
[Black "Cruz, Ricardo Benares de"]
[Result "1-0"]
[WhiteElo "2624"]
[BlackElo "2312"]
[PlyCount "55"]
[EventDate "2017.07.01"]
[EventType "tourn"]
[EventRounds "9"]
[EventCountry "BRA"]
[SourceTitle "CBM 179 Extra"]
[Source "ChessBase"]
[SourceDate "2017.08.23"]
[SourceVersion "1"]
[SourceVersionDate "2017.08.23"]
[SourceQuality "1"]

1. e4 c5 2. Nf3 Nc6 3. Nc3 g6 4. h4 Nf6 5. h5 Nxh5 6. Rxh5 gxh5 7. Ng5 Ne5 8.
Qxh5 Ng6 9. f4 e6 10. f5 exf5 11. Bc4 d5 12. Bxd5 Be6 13. Bxb7 Qc7 14. Bxa8
Qg3+ 15. Kf1 Nf4 16. Qf3 Qxg5 17. d3 Bd6 18. e5 Bxe5 19. Ne2 Qxg2+ 20. Qxg2
Nxg2 21. Bxg2 Ke7 22. Be3 Kd6 23. c3 Rb8 24. b3 h5 25. d4 cxd4 26. cxd4 Bh2 27.
Kf2 f4 28. Nxf4 1-0

[Event "Belem FEXPA"]
[Site "Belem"]
[Date "2017.07.06"]
[Round "9"]
[White "De Araujo, Jaylson Javier Silv"]
[Black "Delgado Ramirez, Neuris"]
[Result "0-1"]
[WhiteElo "2057"]
[BlackElo "2624"]
[PlyCount "25"]
[EventDate "2017.07.01"]
[EventType "tourn"]
[EventRounds "9"]
[EventCountry "BRA"]
[SourceTitle "CBM 179 Extra"]
[Source "ChessBase"]
[SourceDate "2017.08.23"]
[SourceVersion "1"]
[SourceVersionDate "2017.08.23"]
[SourceQuality "1"]

1. e4 c5 2. b3 g6 3. Bb2 Nf6 4. Nc3 Bg7 5. e5 Nh5 6. Nf3 Nc6 7. Ne2 d6 8. d4
cxd4 9. exd6 e5 10. Ng3 Nf4 11. Ne4 Bf5 12. g3 Bxe4 13. gxf4 0-1

[Event "Belem op 2nd"]
[Site "Belem"]
[Date "2017.07.07"]
[Round "1"]
[White "Leao, Flavio Sanchez"]
[Black "Delgado Ramirez, Neuris"]
[Result "0-1"]
[WhiteElo "1814"]
[BlackElo "2624"]
[PlyCount "36"]
[EventDate "2017.07.07"]
[EventType "swiss"]
[EventRounds "6"]
[EventCountry "BRA"]
[SourceTitle "EXT 2018"]
[Source "ChessBase"]
[SourceDate "2017.10.13"]
[SourceVersion "1"]
[SourceVersionDate "2017.10.13"]
[SourceQuality "1"]

1. e4 c5 2. Nf3 g6 3. d4 cxd4 4. Nxd4 Bg7 5. Be3 Nf6 6. Nc3 Nc6 7. Be2 O-O 8.
Qd2 d6 9. O-O-O Nxd4 10. Bxd4 Be6 11. Be3 Qa5 12. a3 Rfc8 13. Nd5 Qd8 14. Nxf6+
Bxf6 15. Bd4 Bb3 16. c3 Bxd1 17. Rxd1 Bxd4 18. Qxd4 Qa5 0-1

[Event "Belem op 2nd"]
[Site "Belem"]
[Date "2017.07.07"]
[Round "2"]
[White "Delgado Ramirez, Neuris"]
[Black "Chauca, Jose Luis Murga"]
[Result "1-0"]
[WhiteElo "2624"]
[BlackElo "2050"]
[PlyCount "51"]
[EventDate "2017.07.07"]
[EventType "swiss"]
[EventRounds "6"]
[EventCountry "BRA"]
[SourceTitle "EXT 2018"]
[Source "ChessBase"]
[SourceDate "2017.10.13"]
[SourceVersion "1"]
[SourceVersionDate "2017.10.13"]
[SourceQuality "1"]

1. e4 c5 2. Nf3 e6 3. d4 cxd4 4. Nxd4 a6 5. Bd3 Qc7 6. f4 d6 7. O-O Nf6 8. Nf3
Nbd7 9. Qe1 Be7 10. Nc3 Nc5 11. e5 dxe5 12. fxe5 Nxd3 13. cxd3 Nd5 14. Qg3 g6
15. Ne4 f5 16. Nd6+ Bxd6 17. exd6 Qg7 18. Bf4 O-O 19. Be5 Qh6 20. Ng5 Bd7 21.
Rae1 Rfe8 22. Bd4 f4 23. Rxf4 Nxf4 24. Qxf4 e5 25. Qf7+ Kh8 26. Rxe5 1-0

[Event "Belem op 2nd"]
[Site "Belem"]
[Date "2017.07.08"]
[Round "3"]
[White "Cohen Farias, Paulo"]
[Black "Delgado Ramirez, Neuris"]
[Result "0-1"]
[WhiteElo "2164"]
[BlackElo "2624"]
[PlyCount "72"]
[EventDate "2017.07.07"]
[EventType "swiss"]
[EventRounds "6"]
[EventCountry "BRA"]
[SourceTitle "EXT 2018"]
[Source "ChessBase"]
[SourceDate "2017.10.13"]
[SourceVersion "1"]
[SourceVersionDate "2017.10.13"]
[SourceQuality "1"]

1. e4 c5 2. Nf3 d6 3. d4 cxd4 4. Nxd4 Nf6 5. Nc3 a6 6. Bg5 Nbd7 7. Qf3 Qa5 8.
Bd2 g6 9. Nb3 Qc7 10. Be2 Bg7 11. Qg3 b5 12. f4 b4 13. Nd5 Nxd5 14. exd5 Bxb2
15. Rb1 Bg7 16. f5 a5 17. fxg6 hxg6 18. O-O Ba6 19. Bxa6 Rxa6 20. Qd3 Ra8 21.
Rbe1 Ne5 22. Qb5+ Qd7 23. Qe2 Rc8 24. Bf4 O-O 25. Kh1 Qb7 26. Rd1 Qc7 27. Nd4
Qc4 28. Qd2 Qxd5 29. Nf5 Qxd2 30. Nxe7+ Kh7 31. Rxd2 Rc7 32. Bg5 f6 33. Nd5 Rc4
34. Nxf6+ Bxf6 35. Rxf6 Rxf6 36. Bxf6 Rf4 0-1

[Event "Belem op 2nd"]
[Site "Belem"]
[Date "2017.07.09"]
[Round "5"]
[White "De Araujo, Jaylson Javier Silv"]
[Black "Delgado Ramirez, Neuris"]
[Result "0-1"]
[WhiteElo "2057"]
[BlackElo "2624"]
[PlyCount "78"]
[EventDate "2017.07.07"]
[EventType "swiss"]
[EventRounds "6"]
[EventCountry "BRA"]
[SourceTitle "EXT 2018"]
[Source "ChessBase"]
[SourceDate "2017.10.13"]
[SourceVersion "1"]
[SourceVersionDate "2017.10.13"]
[SourceQuality "1"]

1. e4 c5 2. Nf3 d6 3. d4 cxd4 4. Nxd4 Nf6 5. Nc3 a6 6. Be2 e5 7. Nb3 Be7 8. O-O
b6 9. f4 Nbd7 10. Bf3 Bb7 11. Be3 Rc8 12. Qe1 O-O 13. Rd1 b5 14. a3 Re8 15. Qg3
Bf8 16. fxe5 Nxe5 17. Nd4 Nxf3+ 18. gxf3 Rc5 19. Rfe1 Qc8 20. Nde2 Rh5 21. Nf4
Rh6 22. Rd2 Nh5 23. Qh3 Qxh3 24. Nxh3 Rg6+ 25. Kf2 Be7 26. Rg1 Rxg1 27. Kxg1 f5
28. Nf4 Nf6 29. Nfd5 Nxd5 30. Nxd5 Bf8 31. Nc3 fxe4 32. fxe4 Bxe4 33. Bf4 Bc6
34. Bxd6 Rd8 35. Bf4 Bc5+ 36. Rf2 Rf8 37. Bg3 Bxf2+ 38. Bxf2 Bf3 39. Kf1 g5 0-1

[Event "Belem op 2nd"]
[Site "Belem"]
[Date "2017.07.09"]
[Round "6"]
[White "Rodi, Luis Ernesto"]
[Black "Delgado Ramirez, Neuris"]
[Result "1/2-1/2"]
[WhiteElo "2304"]
[BlackElo "2624"]
[PlyCount "154"]
[EventDate "2017.07.07"]
[EventType "swiss"]
[EventRounds "6"]
[EventCountry "BRA"]
[SourceTitle "EXT 2018"]
[Source "ChessBase"]
[SourceDate "2017.10.13"]
[SourceVersion "1"]
[SourceVersionDate "2017.10.13"]
[SourceQuality "1"]

1. e4 c5 2. Nf3 d6 3. Bb5+ Bd7 4. Bxd7+ Nxd7 5. d4 cxd4 6. Qxd4 Ngf6 7. O-O g6
8. e5 dxe5 9. Nxe5 Bg7 10. Nxd7 Qxd7 11. Qxd7+ Nxd7 12. c3 Ne5 13. Rd1 O-O 14.
Na3 Rfd8 15. Be3 Nc6 16. Kf1 Kf8 17. Ke2 Ke8 18. Nb5 Rdc8 19. Bf4 Be5 20. Bxe5
Nxe5 21. Rd5 Nc6 22. Rad1 a6 23. Na3 Rc7 24. f4 e6 25. R5d3 b5 26. Nc2 Na5 27.
Ne3 Ke7 28. R1d2 Nb7 29. Rd4 Nc5 30. Ng4 f6 31. Nf2 Rd7 32. Rxd7+ Nxd7 33. Nd1
Nb6 34. Ne3 Rc8 35. g4 Rc5 36. Kf3 f5 37. h3 Na4 38. Re2 Kf7 39. Rd2 Rc7 40.
Nd1 Ke7 41. Ne3 Nc5 42. h4 Ne4 43. Rd1 Nf6 44. Rd4 Rc5 45. a4 fxg4+ 46. Nxg4
Nd7 47. axb5 axb5 48. Ke4 Rf5 49. Ke3 Nb6 50. Kf2 Rh5 51. Kg3 Nc4 52. b3 Nd6
53. Ne3 Rc5 54. c4 bxc4 55. bxc4 Ra5 56. Rd3 Ra4 57. Kf3 Nxc4 58. Nxc4 Rxc4 59.
Ra3 Kf6 60. Ra5 Rc3+ 61. Kg2 Rd3 62. Rb5 h5 63. Ra5 Rd5 64. Ra8 Rd2+ 65. Kg3
Rd3+ 66. Kg2 Kf5 67. Rf8+ Kg4 68. Rf6 Rd6 69. Kf2 Ra6 70. Ke3 Kxh4 71. Rxg6 Kh3
72. Ke4 h4 73. Ke5 Ra4 74. Rxe6 Kg3 75. Rg6+ Kf3 76. f5 h3 77. f6 Ra5+ 1/2-1/2

[Event "FIDE World Cup"]
[Site "Tbilisi"]
[Date "2017.09.03"]
[Round "1.1"]
[White "Vidit, Santosh Gujrathi"]
[Black "Delgado Ramirez, Neuris"]
[Result "1/2-1/2"]
[WhiteElo "2693"]
[BlackElo "2614"]
[PlyCount "63"]
[EventDate "2017.09.03"]
[EventType "k.o."]
[EventRounds "7"]
[EventCountry "GEO"]
[SourceTitle "EXT 2018"]
[Source "ChessBase"]
[SourceDate "2017.10.13"]
[SourceVersion "1"]
[SourceVersionDate "2017.10.13"]
[SourceQuality "1"]

1. d4 Nf6 2. c4 e6 3. Nf3 c5 4. e3 d5 5. cxd5 exd5 6. Bb5+ Nc6 7. O-O cxd4 8.
exd4 Be7 9. Ne5 Bd7 10. Nc3 O-O 11. Re1 Rc8 12. Bg5 a6 13. Ba4 Be6 14. Bxc6
bxc6 15. Na4 h6 16. Bxf6 Bxf6 17. Rc1 Re8 18. Nc5 Bf5 19. f4 Be7 20. Nb3 Qd6
21. Qh5 Bg6 22. Nxg6 fxg6 23. Qe5 Qb4 24. Qe6+ Kf8 25. Qxg6 Bf6 26. Qg3 Bxd4+
27. Nxd4 Qxd4+ 28. Qf2 Rxe1+ 29. Rxe1 Qxf2+ 30. Kxf2 c5 31. Re6 c4 32. Rxa6
1/2-1/2

[Event "FIDE World Cup"]
[Site "Tbilisi"]
[Date "2017.09.04"]
[Round "1.2"]
[White "Delgado Ramirez, Neuris"]
[Black "Vidit, Santosh Gujrathi"]
[Result "0-1"]
[WhiteElo "2614"]
[BlackElo "2693"]
[PlyCount "88"]
[EventDate "2017.09.03"]
[EventType "k.o."]
[EventRounds "7"]
[EventCountry "GEO"]
[SourceTitle "EXT 2018"]
[Source "ChessBase"]
[SourceDate "2017.10.13"]
[SourceVersion "1"]
[SourceVersionDate "2017.10.13"]
[SourceQuality "1"]

1. e4 e5 2. Nf3 Nc6 3. Bc4 Bc5 4. c3 Nf6 5. d3 O-O 6. Bb3 h6 7. h3 d5 8. Qe2 a5
9. a4 b6 10. O-O Ba6 11. exd5 e4 12. Ne1 Ne5 13. c4 Nxd3 14. Nxd3 exd3 15. Qf3
Re8 16. Nc3 c6 17. Bf4 cxd5 18. cxd5 Rc8 19. Nb5 Bxb5 20. axb5 Ne4 21. d6 Bxd6
22. Bxd6 Nxd6 23. Rad1 Nc4 24. Bxc4 Rxc4 25. Rxd3 Rd4 26. Re3 Rd2 27. Rb1 Rxe3
28. Qxe3 Rd5 29. Rc1 Rxb5 30. Qe2 Rd5 31. Rc6 Rd1+ 32. Kh2 Rd6 33. Rc2 Re6 34.
Qb5 Qd6+ 35. g3 Qe5 36. Qd3 Qe4 37. Qd2 Rc6 38. Rxc6 Qxc6 39. h4 h5 40. Qd8+
Kh7 41. Qd3+ g6 42. f3 a4 43. g4 hxg4 44. fxg4 Qf6 0-1

[Event "Caioba Telecom op"]
[Site "Caioba"]
[Date "2017.09.28"]
[Round "1"]
[White "Delgado Ramirez, Neuris"]
[Black "Boabaid, Jorge Alberto Duard"]
[Result "1-0"]
[WhiteElo "2614"]
[BlackElo "1788"]
[PlyCount "39"]
[EventDate "2017.09.28"]
[EventType "swiss"]
[EventRounds "6"]
[EventCountry "BRA"]
[SourceTitle "EXT 2018"]
[Source "ChessBase"]
[SourceDate "2017.10.13"]
[SourceVersion "1"]
[SourceVersionDate "2017.10.13"]
[SourceQuality "1"]

1. e4 e5 2. Nc3 Nc6 3. Nf3 Nf6 4. Be2 Be7 5. d4 d6 6. dxe5 dxe5 7. Qxd8+ Bxd8
8. Bb5 Bd7 9. Bg5 Nd4 10. Bxf6 gxf6 11. Bxd7+ Kxd7 12. O-O-O c5 13. Nd5 Ke6 14.
c3 Nc6 15. Nh4 Ne7 16. Ne3 Bc7 17. Nhf5 Nxf5 18. exf5+ Ke7 19. Nd5+ Kd7 20.
Nb6+ 1-0

[Event "Caioba Telecom op"]
[Site "Caioba"]
[Date "2017.09.29"]
[Round "3"]
[White "Delgado Ramirez, Neuris"]
[Black "Cadilhac, Igor Tokuichi Kikuc"]
[Result "1-0"]
[WhiteElo "2614"]
[BlackElo "2226"]
[PlyCount "107"]
[EventDate "2017.09.28"]
[EventType "swiss"]
[EventRounds "6"]
[EventCountry "BRA"]
[SourceTitle "EXT 2018"]
[Source "ChessBase"]
[SourceDate "2017.10.13"]
[SourceVersion "1"]
[SourceVersionDate "2017.10.13"]
[SourceQuality "1"]

1. e4 c5 2. Nf3 d6 3. d4 cxd4 4. Nxd4 Nf6 5. Nc3 g6 6. g3 Nc6 7. Bg2 Nxd4 8.
Qxd4 Bg7 9. e5 Nd7 10. Qa4 O-O 11. exd6 Nc5 12. Qh4 exd6 13. Qxd8 Rxd8 14. Be3
Bf5 15. O-O-O Rac8 16. Bd4 b5 17. Bxg7 Kxg7 18. Rd4 Na4 19. g4 Nxc3 20. bxc3
Be6 21. Kb2 Rc5 22. Re1 a5 23. a3 h6 24. h3 Kf6 25. f4 Rdc8 26. Re3 d5 27. Bf1
h5 28. f5 gxf5 29. gxh5 Rg8 30. Be2 Rg2 31. h4 Rf2 32. Bd3 Kg7 33. Re2 Rf3 34.
Rg2+ Kh7 35. Be2 Rfxc3 36. Bd3 Rc8 37. Rf4 R3c6 38. Bxf5+ Bxf5 39. Rxf5 R8c7
40. Rxd5 b4 41. a4 Rc5 42. Rdg5 f6 43. Rg6 Rf7 44. Rf2 Rxh5 45. Rgxf6 Rc7 46.
R6f5 Rc5 47. Rxc5 Rxc5 48. Rf6 Kg7 49. Rb6 Rc7 50. Rb5 Ra7 51. Kb3 Kf6 52. h5
Ke6 53. h6 Kf6 54. Rh5 1-0

[Event "Caioba Telecom op"]
[Site "Caioba"]
[Date "2017.09.30"]
[Round "6"]
[White "Calcado, Acyr Rogerio"]
[Black "Delgado Ramirez, Neuris"]
[Result "0-1"]
[WhiteElo "2129"]
[BlackElo "2614"]
[PlyCount "76"]
[EventDate "2017.09.28"]
[EventType "swiss"]
[EventRounds "6"]
[EventCountry "BRA"]
[SourceTitle "EXT 2018"]
[Source "ChessBase"]
[SourceDate "2017.10.13"]
[SourceVersion "1"]
[SourceVersionDate "2017.10.13"]
[SourceQuality "1"]

1. e4 c5 2. Nf3 d6 3. d4 cxd4 4. Nxd4 Nf6 5. Nc3 a6 6. Bg5 Nbd7 7. f4 Qc7 8.
Qf3 h6 9. Bxf6 Nxf6 10. f5 Qc5 11. O-O-O g5 12. Nd5 Nxd5 13. exd5 Bg7 14. Qe4
Bxd4 15. Qxd4 Qxd4 16. Rxd4 Bxf5 17. Be2 Rc8 18. c4 O-O 19. b4 Kg7 20. Kb2 Rc7
21. a4 a5 22. bxa5 Ra8 23. Ka3 Rxa5 24. Kb4 b6 25. Bd1 Rca7 26. Re1 Kf8 27. g4
Bd7 28. Rde4 Bxa4 29. Bxa4 Rxa4+ 30. Kb5 Ra2 31. Kxb6 Rd7 32. c5 dxc5 33. Kc6
Rda7 34. h4 gxh4 35. Kxc5 Rc2+ 36. Kd4 Ra4+ 37. Ke5 Rxe4+ 38. Kxe4 h3 0-1

[Event "Szmetan-Giardelli Super"]
[Site "Buenos Aires ARG"]
[Date "2019.12.09"]
[Round "9.1"]
[White "Delgado Ramirez, N."]
[Black "Slipak, S."]
[Result "1-0"]
[WhiteElo "2628"]
[BlackElo "2384"]
[PlyCount "57"]
[EventDate "2019.12.01"]
[EventType "tourn"]
[EventRounds "11"]
[EventCountry "ARG"]
[EventCategory "13"]
[SourceTitle "The Week in Chess 1310"]
[Source "Mark Crowther"]
[SourceDate "2019.12.16"]
[SourceVersion "1"]
[SourceVersionDate "2019.12.16"]
[SourceQuality "2"]

1. e4 e5 2. Nf3 Nc6 3. Bb5 a6 4. Ba4 Nf6 5. Qe2 Be7 6. Bxc6 dxc6 7. Nc3 Nd7 8.
d3 O-O 9. Be3 c5 10. Nd2 Bd6 11. g3 Nb8 12. f4 Nc6 13. Qf2 Nd4 14. O-O-O f6 15.
f5 b5 16. g4 b4 17. Ne2 a5 18. Kb1 a4 19. Rhg1 Ba6 20. Nc1 Qe7 21. g5 Kh8 22.
g6 Kg8 23. Qh4 h6 24. Bxh6 gxh6 25. g7 Rf7 26. Rg6 Rxg7 27. Rdg1 Rxg6 28. Rxg6+
Kf7 29. Qxh6 1-0

[Event "Szmetan-Giardelli Super"]
[Site "Buenos Aires ARG"]
[Date "2019.12.10"]
[Round "10.6"]
[White "Delgado Ramirez, N."]
[Black "Hoffman, A."]
[Result "0-1"]
[WhiteElo "2628"]
[BlackElo "2441"]
[PlyCount "128"]
[EventDate "2019.12.01"]
[EventType "tourn"]
[EventRounds "11"]
[EventCountry "ARG"]
[EventCategory "13"]
[SourceTitle "The Week in Chess 1310"]
[Source "Mark Crowther"]
[SourceDate "2019.12.16"]
[SourceVersion "1"]
[SourceVersionDate "2019.12.16"]
[SourceQuality "2"]

1. e4 e5 2. Nf3 d6 3. d4 exd4 4. Qxd4 Nc6 5. Bb5 Bd7 6. Bxc6 Bxc6 7. Bg5 Nf6 8.
Nc3 Be7 9. O-O-O O-O 10. Rhe1 Re8 11. h4 h6 12. Bf4 Ng4 13. Qd2 Bf6 14. Nd4
Bxd4 15. Qxd4 Qxh4 16. f3 Qf6 17. Qd2 Nf2 18. Qxf2 Qxf4+ 19. Kb1 Re7 20. Rh1 a6
21. Rh4 Qf6 22. g4 Rae8 23. Qg3 Re5 24. Rdh1 Rc5 25. Nd1 Qd4 26. R4h2 Kf8 27.
Qe1 Bd7 28. Rd2 Qa4 29. Qe3 Be6 30. a3 f6 31. Nc3 Qc6 32. Ne2 a5 33. Nd4 Qa4
34. Qg1 Bf7 35. Rhh2 Qd7 36. Rd3 a4 37. Qe3 b6 38. Nf5 Bg8 39. Kc1 Qe6 40. Qd4
Qc4 41. Qe3 Qa2 42. Rxh6 Rxf5 43. gxf5 gxh6 44. Rc3 c5 45. Rd3 Ke7 46. Qf4 Rd8
47. Qxh6 Qf7 48. Qh2 Qh7 49. Qg2 Qh6+ 50. Kb1 Bc4 51. Rd1 Rg8 52. Qf2 Qf4 53.
Qe1 Rg3 54. Qc3 Bf7 55. Rf1 Qe5 56. Qe1 Qf4 57. Qe2 Qg5 58. Qe1 Bc4 59. f4 Qg4
60. e5 dxe5 61. Rh1 Qxf4 62. Rh7+ Bf7 63. Qh1 e4 64. Qd1 Qxf5 0-1